नयी कविता: (Record no. 38650)

MARC details
000 -LEADER
fixed length control field 01072nam a22002177a 4500
005 - DATE AND TIME OF LATEST TRANSACTION
control field 20100802135758.0
010 ## - LCCN (DPL NO)
LC control number HIN-89939
020 ## - INTERNATIONAL STANDARD BOOK NUMBER
International Standard Book Number 9788189559274
Terms of availability 300.00
035 ## - SYSTEM CONTROL NUMBER
System control number HN-62285
037 ## - SOURCE OF ACQUISITION
Source of stock number/acquisition DBAD/PUB
082 ## - DEWEY DECIMAL CLASSIFICATION NUMBER
Classification number 821.09
100 ## - MAIN ENTRY--PERSONAL NAME
Personal name रोहिताश्व
245 ## - TITLE STATEMENT
Title नयी कविता:
Statement of responsibility, etc रोहिताश्व
Remainder of title सम्प्रेषण की समस्या /
246 ## - VARYING FORM OF TITLE
Title proper/short title Nayee Kavita:Sampreshan Ki Samasya
Remainder of title by Rohitashva
260 ## - PUBLICATION, DISTRIBUTION, ETC. (IMPRINT)
Place of publication, distribution, etc दिल्ली
Name of publisher, distributor, etc मानसी पब्लिकेशन्स
Date of publication, distribution, etc 2009
270 ## - ADDRESS
Address 1569, प्रथम मंजिल, चर्च रोड़, कश्मीरी गेट
City दिल्ली
Postal code 110006
Telephone number 011-23861151, मो.-09810303048
300 ## - PHYSICAL DESCRIPTION
Extent 185पृ.
Dimensions 22सेमी. (सजिल्द)
700 ## - ADDED ENTRY--PERSONAL NAME
9 (RLIN) 3937
942 ## - ADDED ENTRY ELEMENTS (KOHA)
Source of classification or shelving scheme Dewey Decimal Classification
Item type Hindi Books
Classification part 821.09
Call number suffix रोहिता
Holdings
Withdrawn status Lost status Not for loan Collection code Home library Current library Date acquired Source of acquisition Cost, normal purchase price Full call number Barcode Copy number Cost, replacement price Koha item type
    Not For Loan Non-fiction D.B.Act.Division D.B.Act.Division 02/08/2010 DBAD / PUB 300.00 821.09 रोहिता HN-62285 1 300.00 Hindi Books

© Delhi Public Library
Hit Counter
free hit counter